01262nam a2200301 i 4500001000700000003000900007005001700016008004100033020001800074080001700092100003100109245011700140260007100257300005800328490003100386500001400417504003400431650003900465700003800504710003900542830003900581852009900620903002900719914004000748942002000788999001900808952013300827180884ES-MaACL20230930212211.0120807s2006 sp cdfo |||| | spa d a84-9768-286-6 a334.726(460)1 aGuillén, Mauro F.96077013aEl auge de la empresa multinacional española / cMauro F. Guillén ; traducción de Purificación Flórez. aMadrid : bMarcial Pons, Ediciones Jurídicas y Sociales, c2006. a282 p., [16] p. de lám. fot. : bgráf. ; c24 cm.1 aEconomía y empresa ; v6 aÍndice. aBibliografía: p. [255]-271.07aMultinacionales-zEspaña.9153551 aFlórez, Purificación.91512422 aFundación Rafael del Pino.943990 aEconomía y empresa ; v69180436 aES-MaACLjA-121639187761bR.147105cDEPO1dOlim: N-5168xDonación: Real Academia Española aReal Academia Española 96336aReal Academia Españolaednr 2udccMONOGRAFIA c180884d180884 00102udc4070aATENEOMbATENEOMcDEPO1d2012-08-07eDONACIONl0oA-12163p1190076r2023-02-23 00:00:00w2023-02-23yMONOGRAFIA